• 首页
  • 本馆介绍
  • 公告通知
  • 最新文献
  • 馆藏检索
  • 电子资源
  • 读者导购
  • 参考咨询
  • 我的图书馆
  • 登录
  • 详细信息显示
  • 放入我的书架
  • 预约/预借图书
  • 作者相关作品
  • 分类相关作品
  • 丛书相关作品
  • 出版社相关作品

书目信息

  • 表格格式
  • 工作单格式
  • 卡片格式
题名:
荀子史话
    
 
作者: 杨金廷 , 范文华 著
分册:  
出版信息: 北京   人民出版社  2014
页数: 276页
开本: 24cm
丛书名:
单 册:
中图分类: B222.65
科图分类:
主题词:
电子资源:
ISBN: 978-7-01-013363-8
000 01038nam0 22002411 450
001 350682
005 20161011095927.73
010    @a978-7-01-013363-8@dCNY49.00
100    @a20140616d2014 em y0chiy50 ea
101 0  @achi
102    @aCN@b110000
105    @ay z 000yd
106    @ar
200 1  @a荀子史话@AXun Zi Shi Hua@f杨金廷,范文华著
210    @a北京@c人民出版社@d2014
215    @a276页@d24cm
330    @a本书以《史记》为宗脉,将荀子一生之足迹一以贯之;广采汉代司马迁、董仲舒、刘向,唐代杨倞、韩愈、柳宗元,宋代程颐、苏轼、朱熹,清代王先谦、汪中,及至近人亦有谭嗣同、梁启超、章太炎、胡适、蒋伯潜、钱穆、罗根泽、梁启雄、游国恩等人对于荀子一生之探秘研究。将百家争鸣、天下一统的历史大格局与悲欢曲折、求索抗争的人物命运联系起来,进而赋予了历史人物以血肉呼吸乃至气度风范。
600  0 @a荀况@AXun Kuang@f(前313-前238)@x人物研究
690    @aB222.65@v5
701  0 @a杨金廷@AYang Jin Ting@f(1958~)@4著
701  0 @a范文华@AFan Wen Hua@f(1984~)@4著
801  0 @aCN@bTANGWEI@c20160808
905    @b0891255-9@dB222.65@e524@f5
    
    荀子史话/杨金廷,范文华著 .-北京:人民出版社,2014
    276页;24cm
    
    
    ISBN 978-7-01-013363-8:CNY49.00
    本书以《史记》为宗脉,将荀子一生之足迹一以贯之;广采汉代司马迁、董仲舒、刘向,唐代杨倞、韩愈、柳宗元,宋代程颐、苏轼、朱熹,清代王先谦、汪中,及至近人亦有谭嗣同、梁启超、章太炎、胡适、蒋伯潜、钱穆、罗根泽、梁启雄、游国恩等人对于荀子一生之探秘研究。将百家争鸣、天下一统的历史大格局与悲欢曲折、求索抗争的人物命运联系起来,进而赋予了历史人物以血肉呼吸乃至气度风范。
●
相关链接 在E读中查询图书 在五车中查询图书 在当当中查询图书 在豆瓣中查询图书


正题名:荀子史话     索取号:B222.65/524         预约/预借

序号 登录号 条形码 馆藏地/架位号 状态 备注
1 0891255   208912550   第一样本阅览室/ [索取号:B222.65/524] 在馆    
2 0891256   208912569   第一借阅区/ [索取号:B222.65/524] 在馆    
3 0891257   208912578   第一借阅区/ [索取号:B222.65/524] 在馆    
4 0891258   208912587   第一借阅区/ [索取号:B222.65/524] 在馆    
5 0891259   208912596   第一借阅区/ [索取号:B222.65/524] 在馆    
唐山师范学院图书馆 欢迎您!
大连网信软件有限公司© 版权所有